Water waves; (Record no. 8845)
[ view plain ]
| 000 -LEADER | |
|---|---|
| fixed length control field | 00918nam a22002891 4500 |
| 001 - CONTROL NUMBER | |
| control field | 8845 |
| 003 - CONTROL NUMBER IDENTIFIER | |
| rucl marc code | BD-RjUL |
| 005 - DATE AND TIME OF LATEST TRANSACTION | |
| control field | 20211208234649.0 |
| 008 - FIXED-LENGTH DATA ELEMENTS--GENERAL INFORMATION | |
| fixed length control field | 190114s1957 nyua b 001 0 eng |
| 035 ## - SYSTEM CONTROL NUMBER | |
| System control number | (BD-RjUL)8890 |
| 040 ## - CATALOGING SOURCE | |
| Original cataloging agency | DLC/ICU |
| Transcribing agency | ICU |
| Modifying agency | DLC |
| -- | BD-RjUL |
| Language of cataloging | eng |
| 041 ## - LANGUAGE CODE | |
| Language code of text/sound track or separate title | eng |
| 082 00 - DEWEY DECIMAL CLASSIFICATION NUMBER | |
| Classification number | 532.59 |
| Author mark and year | STW |
| 100 1# - MAIN ENTRY--PERSONAL NAME | |
| Personal name | Stoker, J. J. |
| Fuller form of name | (James Johnston), |
| Dates associated with a name | 1905- |
| 9 (RLIN) | 27493 |
| 245 00 - TITLE STATEMENT | |
| Title | Water waves; |
| Remainder of title | the mathematical theory with applications. |
| Number of part/section of a work | Volume IV |
| 260 ## - PUBLICATION, DISTRIBUTION, ETC. (IMPRINT) | |
| Place of publication, distribution, etc. | New York : |
| Name of publisher, distributor, etc. | Interscience Publishers, |
| Date of publication, distribution, etc. | c1957 [printing 1966]. |
| 300 ## - PHYSICAL DESCRIPTION | |
| Pagination | 567 p. : |
| Illustrations | illus. ; |
| Size | 24 cm. |
| 490 1# - SERIES STATEMENT | |
| Series statement | Pure and applied mathematics, |
| Volume/sequential designation | v. 4 |
| 500 ## - GENERAL NOTE | |
| General note | Includes index. |
| 650 #0 - SUBJECT ADDED ENTRY--TOPICAL TERM | |
| Topical term or geographic name as entry element | Water waves. |
| 9 (RLIN) | 27494 |
| Topical term or geographic name as entry element | Hydrodynamics. |
| 9 (RLIN) | 20355 |
| Topical term or geographic name as entry element | Hydraulics. |
| 9 (RLIN) | 26899 |
| 830 #0 - SERIES ADDED ENTRY--UNIFORM TITLE | |
| Volume number/sequential designation | v. 4. |
| Uniform title | Pure and applied mathematics (Interscience Publishers) ; |
| 942 ## - ADDED ENTRY ELEMENTS (KOHA) | |
| Source of classification or shelving scheme | Dewey Decimal Classification |
| Koha item type | Books |
| Lost status | Source of classification or shelving scheme | Damaged status | Not for loan | Collection code | Permanent Location | Current Location | Date acquired | Total Checkouts | Full call number | Date last seen | Copy number | Koha item type | Shelving location | Source of acquisition | Cost, normal purchase price |
|---|---|---|---|---|---|---|---|---|---|---|---|---|---|---|---|
| Dewey Decimal Classification | Non-fiction | Central Library, University of Rajshahi | Central Library, University of Rajshahi | 19/01/2014 | 532.59 STW 1957 | 19/01/2014 | C-2 | Books | |||||||
| Dewey Decimal Classification | Non-fiction | Central Library, University of Rajshahi | Central Library, University of Rajshahi | 16/01/1974 | 532.59 STW 1957 | 20/01/2014 | C-4 | Books | U.S. Govt. | ||||||
| Dewey Decimal Classification | Not For Loan | Non-fiction | Central Library, University of Rajshahi | Central Library, University of Rajshahi | 18/04/1968 | 532.59 STW 1966 | 27/03/2017 | C-1 | Books | Reading Room | Sweets & Zeitlinger | 145.00 | |||
| Dewey Decimal Classification | Non-fiction | Central Library, University of Rajshahi | Central Library, University of Rajshahi | 16/01/1974 | 532.59 STW 1957 | 08/05/2017 | C-5 | Books | U.S. Govt. | ||||||
| Dewey Decimal Classification | Non-fiction | Central Library, University of Rajshahi | Central Library, University of Rajshahi | 16/01/1974 | 532.59 STW 1957 | 08/05/2017 | C-6 | Books | U.S. Govt. | ||||||
| Dewey Decimal Classification | Non-fiction | Central Library, University of Rajshahi | Central Library, University of Rajshahi | 16/01/1974 | 532.59 STW 1957 | 08/05/2017 | C-7 | Books | U.S. Govt. | ||||||
| Dewey Decimal Classification | Non-fiction | Central Library, University of Rajshahi | Central Library, University of Rajshahi | 16/01/1974 | 532.59 STW 1957 | 08/05/2017 | C-8 | Books | U.S. Govt. | ||||||
| Dewey Decimal Classification | Non-fiction | Central Library, University of Rajshahi | Central Library, University of Rajshahi | 16/01/1974 | 532.59 STW 1957 | 08/05/2017 | C-9 | Books | U.S. Govt. | ||||||
| Dewey Decimal Classification | Non-fiction | Central Library, University of Rajshahi | Central Library, University of Rajshahi | 16/01/1974 | 532.59 STW 1957 | 08/05/2017 | C-10 | Books | U.S. Govt. | ||||||
| Dewey Decimal Classification | Non-fiction | Central Library, University of Rajshahi | Central Library, University of Rajshahi | 16/01/1974 | 532.59 STW 1957 | 08/05/2017 | C-3 | Books | U.S. Govt. |